Statystyki dla Państwa w Sojuszu Małych Państw Wyspiarskich

Kliknij tutaj aby rozwiązać quiz!

Ogólne statystyki

  • Ten quiz został rozwiązany 44 razy
  • Średni wynik to 24 z 37

Statystyki odpowiedzi

Państwa% Poprawnych
Seszele
85%
Wyspy Marshalla
85%
Wyspy Salomona
85%
Bahamy
83%
Saint Lucia
83%
Tuvalu
83%
Barbados
80%
Dominika
80%
Jamajka
80%
Antigua i Barbuda
78%
Fidżi
78%
Mikronezja
78%
Nauru
78%
Saint Kitts i Nevis
78%
Tonga
78%
Komory
75%
Mauritius
75%
Saint Vincent i Grenadyny
75%
Trynidad i Tobago
75%
Haiti
73%
Kiribati
73%
Kuba
73%
Vanuatu
73%
Malediwy
70%
Palau
70%
Republika Zielonego Przylądka
70%
Samoa
70%
Wyspy Świętego Tomasza i Książęca
70%
Grenada
68%
Singapur
48%
Papua Nowa-Gwinea
33%
Wyspy Cooka
28%
Niue
20%
Gujana
18%
Surinam
15%
Belize
10%
Gwinea Bissau
5%

Rozkład punktacji

Percentyl według liczby udzielonych odpowiedzi

Procent ludzi z każdym wynikiem

Twoja historia wyników

Nie rozwiązałeś tego quizu